000 00685nam a2200253 a 4500
005 20210219152825.0
008 991125n 000 0 eng u
035 _aUPN01000062467
100 _aTeevan, James J.
222 _aRESEARCH IN HIGHER EDUCATION
245 _aAcademic employment decisions and gender
300 _a141-160
362 _a1992 33, No. 2
653 0 _aACTITUD DOCENTE
653 0 _aDIFERENCIAS SEXUALES
653 0 _aFACULTAD COLEGIAL
653 0 _aMODELOS DE EMPLEO
653 0 _aSOLICITANTE AL TRABAJO
653 0 _aTENER DECISION
700 _aPepper, Susan
700 _aPellizzari, Joseph R.
904 _aAC
_b000278
905 _aArticulo
999 _c61729
_d61729